[Event "FRA T II 20102011"]
[Site "FRA"]
[Date "2010.10.17"]
[Round "1.4"]
[White "Lebrun, Benoit"]
[Black "Lalande, Jean Louis"]
[Result "1-0"]
[WhiteElo "2148"]
[BlackElo "2051"]
[PlyCount "50"]
[EventDate "2010.11.13"]
[EventType "team-match"]
[EventRounds "9"]
[EventCountry "FRA"]
[Source "FFE"]
[SourceDate "2010.10.29"]

1. e4 c5 2. Nc3 Nc6 3. g3 h5 4. Bg2 h4 5. d3 hxg3 6. hxg3 Rxh1 7. Bxh1 e6 8. f4
d6 9. Be3 Qb6 10. Rb1 Qa5 11. g4 Bd7 12. Nge2 O-O-O 13. Bd2 Qa6 14. a3 d5 15.
Ng3 Nd4 16. Be3 Bc6 17. exd5 Bxd5 18. Nxd5 exd5 19. Bxd4 cxd4 20. Nf5 Nh6 21.
Nxh6 Qxh6 22. Qf3 Bd6 23. Kf1 Bxf4 24. Re1 Be3 25. Re2 Rd6 {suite illisible}
1-0

[Event "FRA T II 20102011"]
[Site "FRA"]
[Date "2010.10.17"]
[Round "1.2"]
[White "Kornman, Serge"]
[Black "Gouanelle, Franck"]
[Result "1/2-1/2"]
[WhiteElo "2125"]
[BlackElo "2166"]
[PlyCount "49"]
[EventDate "2010.11.13"]
[EventType "team-match"]
[EventRounds "9"]
[EventCountry "FRA"]
[Source "FFE"]
[SourceDate "2010.10.29"]

1. Nf3 d5 2. c4 e6 3. g3 c6 4. b3 Nf6 5. Bg2 Nbd7 6. Bb2 Bd6 7. d4 Qc7 8. c5
Be7 9. b4 b6 10. O-O a5 11. a3 axb4 12. axb4 Rxa1 13. Bxa1 bxc5 14. bxc5 O-O
15. Nc3 e5 16. e3 e4 17. Nd2 h5 18. f3 exf3 19. Qxf3 Nb8 20. Qf4 Bd8 21. Qxc7
Bxc7 22. e4 dxe4 23. Ndxe4 Nxe4 24. Bxe4 Re8 25. Kf2 1/2-1/2

[Event "FRA T II 20102011"]
[Site "FRA"]
[Date "2010.10.17"]
[Round "1.8"]
[White "Eid, Amine"]
[Black "Wandelle, Sandrine"]
[Result "1-0"]
[WhiteElo "1912"]
[BlackElo "1765"]
[PlyCount "47"]
[EventDate "2010.11.13"]
[EventType "team-match"]
[EventRounds "9"]
[EventCountry "FRA"]
[Source "FFE"]
[SourceDate "2010.10.29"]

1. e4 e5 2. Bc4 Nf6 3. Nc3 Nc6 4. d3 h6 5. f4 Bb4 6. Nge2 d6 7. a3 Bc5 8. Na4
Ng4 9. Nxc5 dxc5 10. O-O O-O 11. h3 Nf6 12. Qe1 Nd4 13. Nxd4 cxd4 14. fxe5 Nh7
15. Qg3 Kh8 16. Rxf7 Rxf7 17. Bxf7 Bd7 18. e6 Qf8 19. Qxc7 Bc6 20. Bd2 Nf6 21.
Rf1 Ne8 22. Qe5 Qd6 23. Qh5 Nf6 24. Rxf6 1-0

[Event "FRA T II 20102011"]
[Site "FRA"]
[Date "2010.10.17"]
[Round "1.4"]
[White "Dicko, Henri"]
[Black "Matrand, Arnaud"]
[Result "1-0"]
[WhiteElo "2194"]
[BlackElo "2121"]
[PlyCount "41"]
[EventDate "2010.11.13"]
[EventType "team-match"]
[EventRounds "9"]
[EventCountry "FRA"]
[Source "FFE"]
[SourceDate "2010.10.29"]

1. e4 c5 2. Nf3 e6 3. d4 cxd4 4. Nxd4 Nc6 5. Nc3 Qc7 6. Be2 a6 7. O-O Nf6 8.
Be3 Ne5 9. f4 Nc4 10. Bxc4 Qxc4 11. Qf3 Bc5 12. Rad1 O-O 13. Rd3 d5 14. e5 Nd7
15. Qg3 Re8 16. f5 Nf8 17. Rf4 Bxd4 18. Rfxd4 Qc7 19. Bh6 g6 20. Bxf8 Rxf8 21.
f6 1-0

[Event "FRA T II 20102011"]
[Site "FRA"]
[Date "2010.10.17"]
[Round "1.8"]
[White "Gatine, Aurelia"]
[Black "Rachez, Pascale"]
[Result "0-1"]
[WhiteElo "1980"]
[BlackElo "1893"]
[PlyCount "40"]
[EventDate "2010.11.13"]
[EventType "team-match"]
[EventRounds "9"]
[EventCountry "FRA"]
[Source "FFE"]
[SourceDate "2010.10.29"]

1. e4 c5 2. Nf3 d6 3. Bb5+ Nc6 4. Bxc6+ bxc6 5. O-O e5 6. c3 Nf6 7. d4 cxd4 8.
cxd4 exd4 9. Qxd4 Be7 10. Nc3 O-O 11. Rd1 Qb6 12. e5 dxe5 13. Qxb6 axb6 14.
Nxe5 Bb7 15. Nd7 Rfe8 16. Nxb6 Rad8 17. Rxd8 Bxd8 18. Be3 Rxe3 19. fxe3 Bxb6
20. Re1 Ng4 {suite illisible} 0-1

[Event "FRA T II 20102011"]
[Site "FRA"]
[Date "2010.10.17"]
[Round "1.5"]
[White "Giraud, Stephane"]
[Black "Le Gros, Cedric"]
[Result "0-1"]
[WhiteElo "1999"]
[BlackElo "2109"]
[PlyCount "162"]
[EventDate "2010.11.13"]
[EventType "team-match"]
[EventRounds "9"]
[EventCountry "FRA"]
[Source "FFE"]
[SourceDate "2010.10.29"]

1. e4 e5 2. Nf3 Nc6 3. Bb5 Nf6 4. O-O Nxe4 5. d4 d5 6. c4 Bg4 7. Qa4 Bd7 8.
cxd5 Nxd4 9. Nxd4 exd4 10. Re1 f5 11. f3 Bd6 12. Bxd7+ Kf8 13. g3 Nc5 14. Re8+
Qxe8 15. Bxe8 Nxa4 16. Bxa4 Rd8 17. Bg5 Be7 18. Bxe7+ Kxe7 19. Bb3 c6 20. dxc6
bxc6 21. Nd2 Rhe8 22. Re1+ Kd6 23. Rxe8 Rxe8 24. Kf2 d3 25. Bd1 Kd5 26. f4 c5
27. Nf3 c4 28. Ne5 Kd4 29. Ba4 Rc8 30. Bd7 Rc7 31. Bxf5 Rb7 32. Nf3+ Kc5 33. b3
cxb3 34. axb3 Rxb3 35. Nd2 Rb2 36. Ke3 a5 37. Kxd3 g6 38. Be6 Kb4 39. h4 a4 40.
Ne4 a3 41. Nc3 Rf2 42. Na2+ Kc5 43. Ke3 Rf1 44. Ke2 Rh1 45. Bg8 Kd4 46. Kf3 h6
47. Bh7 Rf1+ 48. Kg4 Rf2 49. Bg8 Ke3 50. Nc3 Rg2 51. Kh3 Rd2 52. Bf7 Rd3 53.
Nd5+ Kf2 54. Nb4 Rxg3+ 55. Kh2 Rg4 56. Kh3 Rg1 57. Kh2 Rg4 58. Kh3 h5 59. Be6
Rg3+ 60. Kh2 Re3 61. Bd5 Re2 62. Kh3 Rd2 63. Bf7 Rd6 64. Na2 Kf3 65. f5 Rd1 66.
Kh2 Rd2+ 67. Kh3 Rd1 68. Kh2 Rd2+ 69. Kh3 gxf5 70. Bxh5+ Kf2 71. Bf7 Rd3+ 72.
Kh2 Kf3 73. h5 Kg4 74. h6 Rh3+ 75. Kg2 Rxh6 76. Nc1 Rc6 77. Na2 Rc2+ 78. Kf1 f4
79. Nb4 Rb2 80. Na2 Kg3 81. Nc1 Rb1 0-1

[Event "FRA T II 20102011"]
[Site "FRA"]
[Date "2010.11.14"]
[Round "2.6"]
[White "Algaba, Solene"]
[Black "Hubert, Raphael"]
[Result "0-1"]
[WhiteElo "1994"]
[BlackElo "1973"]
[PlyCount "160"]
[EventDate "2010.11.13"]
[EventType "team-match"]
[EventRounds "9"]
[EventCountry "FRA"]
[Source "FFE"]
[SourceDate "2010.10.29"]

1. e4 e5 2. Nf3 d5 3. exd5 e4 4. Qe2 Be7 5. Qxe4 Nf6 6. Qa4+ Nbd7 7. c4 O-O 8.
Be2 Bd6 9. O-O Re8 10. Nc3 Ne4 11. Nxe4 Rxe4 12. Bd3 Rg4 13. Qc2 Ne5 14. Nxe5
Bxe5 15. g3 Qh4 16. Re1 f6 17. Re3 Bd4 18. Rf3 Qh5 19. Bf1 Rh4 20. gxh4 Qxf3
21. d3 Qg4+ 22. Bg2 Qxh4 23. Qe2 Bg4 24. Qf1 Re8 25. Bf4 Be2 26. Bg3 Bxf1 27.
Bxh4 Bxd3 28. Rd1 Bxc4 29. b3 Ba6 30. d6 Bb6 31. Bd5+ Kh8 32. d7 Rd8 33. Re1
Bb5 34. Re8+ Rxe8 35. dxe8=Q+ Bxe8 36. Bxb7 Bf7 37. Kf1 h5 38. f3 c5 39. Ba6
Bd5 40. Ke2 Bc7 41. Bf2 Bd6 42. Bg1 g6 43. Bb5 Kg7 44. Be3 g5 45. Bd3 Kf7 46.
Kf2 Ke6 47. Bg6 h4 48. h3 a5 49. Bd2 a4 50. bxa4 Bxa2 51. a5 Bb8 52. Bh7 Ke7
53. Bd3 Be6 54. Bf1 Kd6 55. Bc3 f5 56. Bf6 Kc6 57. Bxg5 Bg3+ 58. Ke3 c4 59. Kd2
Kb5 60. Bd8 Kb4 61. Bb6 Kb3 62. Bd4 Bf4+ 63. Kd1 c3 64. Bd3 Bd5 65. Bc2+ Kb2
66. Bxf5 Bxf3+ 67. Ke1 Bb7 68. Bd3 Kb3 69. a6 Bxa6 70. Bxc3 Bxd3 71. Bf6 Bg3+
72. Kd2 Bf1 73. Ke3 Bxh3 74. Kf3 Bc8 75. Kg2 Kc4 76. Bd8 Kd4 77. Kf3 Kd5 78.
Kg2 Ke4 79. Be7 Kf5 80. Kh3 Kf4+ 0-1

[Event "FRA T II 20102011"]
[Site "FRA"]
[Date "2010.11.14"]
[Round "2.6"]
[White "Guichard, Hugo"]
[Black "Egreteau, Eric"]
[Result "0-1"]
[WhiteElo "1914"]
[BlackElo "2012"]
[PlyCount "150"]
[EventDate "2010.11.13"]
[EventType "team-match"]
[EventRounds "9"]
[EventCountry "FRA"]
[Source "FFE"]
[SourceDate "2010.10.29"]

1. f4 d5 2. Nf3 Nf6 3. e3 g6 4. b3 Bg7 5. Bb2 c6 6. Be2 Bg4 7. O-O Bxf3 8. Bxf3
O-O 9. Qe2 Nbd7 10. d4 e6 11. Nd2 a5 12. a4 Qb6 13. c4 Rac8 14. c5 Qc7 15. Rac1
Rfe8 16. Rc2 Nf8 17. Qf2 N6d7 18. Bg4 f5 19. Be2 Nf6 20. h3 N8d7 21. Qg3 Kh8
22. Bf3 Rg8 23. h4 Rcf8 24. Kh1 Rf7 25. Qh3 Qd8 26. g3 Bf8 27. Rf2 Be7 28. Rh2
Qe8 29. Nf1 Bd8 30. Qg2 Bc7 31. Qd2 Qd8 32. Qe1 h6 33. Rcg2 Kh7 34. Qe2 Qe7 35.
Qc2 Rfg7 36. Bc1 Rh8 37. Kg1 Kg8 38. Kf2 Kf7 39. Rh3 Qd8 40. Rgh2 Ng4+ 41. Kg1
Nxh2 42. Qxh2 Nf6 43. Qe2 Qe7 44. Bd2 Rb8 45. Qe1 Qd8 46. b4 axb4 47. Bxb4 Ra8
48. Qd1 Qb8 49. Rh2 Qa7 50. Ra2 Ba5 51. Qb3 Kg8 52. Nd2 Kh7 53. Nb1 Bxb4 54.
Qxb4 Qa5 55. Qxa5 Rxa5 56. Nc3 Kg8 57. Kf2 Kf8 58. Be2 Ke8 59. Rb2 Kd8 60. Rb4
Kc7 61. Bf3 Rg8 62. Kg2 Raa8 63. Ne2 Rgb8 64. Nc3 b6 65. cxb6+ Rxb6 66. Rxb6
Kxb6 67. Be2 Ka5 68. Bd1 Kb4 69. Na2+ Ka3 70. Nc3 Kb2 71. Ne2 Ne4 72. Kf3 Nc3
73. Nxc3 Kxc3 74. Ke2 Rb8 75. a5 Kb4 0-1

[Event "FRA T II 20102011"]
[Site "FRA"]
[Date "2010.10.17"]
[Round "1.1"]
[White "Bodenez, Vincent"]
[Black "Chaplain, Fabrice"]
[Result "1-0"]
[WhiteElo "2147"]
[BlackElo "2124"]
[PlyCount "135"]
[EventDate "2010.11.13"]
[EventType "team-match"]
[EventRounds "9"]
[EventCountry "FRA"]
[Source "FFE"]
[SourceDate "2010.10.29"]

1. d4 Nf6 2. Bg5 Ne4 3. Bf4 d6 4. f3 Nf6 5. e4 g6 6. Qd2 Bg7 7. Nc3 Nc6 8.
O-O-O Nh5 9. Be3 e5 10. d5 Ne7 11. g4 Nf4 12. Nge2 g5 13. h4 h6 14. h5 O-O 15.
Ng3 Bf6 16. Nb5 a6 17. Na3 Bd7 18. c4 b6 19. Kb1 Kh7 20. Rh2 Ng8 21. Bd3 Be7
22. Nf5 Nf6 23. Bc2 Be8 24. Qc3 Nd7 25. Rhd2 Nc5 26. Bxc5 bxc5 27. Qa5 Bd7 28.
Ne3 Qb8 29. Ba4 Rd8 30. Bxd7 Rxd7 31. Qa4 Qe8 32. Rc1 Rdd8 33. Qxe8 Rxe8 34.
Rc3 Reb8 35. Kc2 Rb6 36. Nf5 Bf8 37. Rb3 Rab8 38. Rxb6 Rxb6 39. Kc3 f6 40. Nc2
a5 41. Na3 a4 42. Nb5 Rb7 43. b3 axb3 44. axb3 Kg8 45. Ra2 Kf7 46. Kd2 Nh3 47.
Ra8 Ng1 48. Ke3 Nh3 49. Rd8 Nf4 50. Rc8 Ng2+ 51. Kd2 Nh4 52. Ke2 Nxf5 53. exf5
Be7 54. Kd3 Rb6 55. Rxc7 Ra6 56. Ra7 Rxa7 57. Nxa7 Bd8 58. Nc6 Bb6 59. Kc3 Ke8
60. Kb2 Kd7 61. Ka3 Kc7 62. Ka4 Kb7 63. Kb5 Bc7 64. Ne7 Bd8 65. Ng8 Kc7 66.
Nxh6 Be7 67. Nf7 Bf8 68. h6 1-0

[Event "FRA T II 20102011"]
[Site "FRA"]
[Date "2010.10.17"]
[Round "1.4"]
[White "Wenzel, Johannes"]
[Black "Salvaing, Jean Louis"]
[Result "1/2-1/2"]
[WhiteElo "2106"]
[BlackElo "2018"]
[PlyCount "136"]
[EventDate "2010.11.13"]
[EventType "team-match"]
[EventRounds "9"]
[EventCountry "FRA"]
[Source "FFE"]
[SourceDate "2010.10.29"]

1. Nf3 Nf6 2. c4 g6 3. Nc3 Bg7 4. e4 d6 5. d4 O-O 6. Be2 e5 7. O-O Nc6 8. d5
Ne7 9. a4 Ne8 10. Ne1 f5 11. f3 f4 12. a5 g5 13. Nd3 Ng6 14. b4 Rf7 15. c5 Bf8
16. Ba3 h5 17. Nf2 Rg7 18. Kh1 Nh8 19. c6 b6 20. g3 fxg3 21. hxg3 Nf6 22. Bc1
Nf7 23. axb6 cxb6 24. g4 hxg4 25. fxg4 Be7 26. Kg2 Rh7 27. Rh1 Rxh1 28. Qxh1
Qf8 29. Be3 Bd8 30. Kg3 a6 31. b5 a5 32. Na4 Rb8 33. Rc1 Bc7 34. Qg2 Qg7 35.
Rh1 Qg6 36. Rc1 Kg7 37. Bf3 Qh7 38. Qh1 Qg6 39. Rc4 Kg8 40. Nc3 Kg7 41. Ne2 Nh6
42. Ng1 Nf7 43. Ngh3 Nh7 44. Ng1 Nf6 45. Be2 Nh6 46. Ngh3 Nf7 47. Qc1 Nh7 48.
Qh1 Qh6 49. Ng1 Qxh1 50. Nxh1 Nf6 51. Nh3 Kg6 52. Bf3 Ra8 53. Ra4 Kh6 54. N1f2
Kg6 55. Nd3 Kh6 56. Nb2 Rb8 57. Rc4 Kg6 58. Na4 Ne8 59. Rc1 Kf6 60. Nf2 Kg6 61.
Nd3 Nh6 62. Nf2 Nf7 63. Be2 Nh6 64. Nh3 Nf7 65. Rf1 Nf6 66. Bf3 Ne8 67. Rh1 Nf6
68. Nf2 Nh6 1/2-1/2

[Event "FRA T II 20102011"]
[Site "FRA"]
[Date "2010.11.14"]
[Round "2.7"]
[White "Brient, Yoann"]
[Black "Deslias, Gregoire"]
[Result "1-0"]
[WhiteElo "1947"]
[BlackElo "1952"]
[PlyCount "131"]
[EventDate "2010.11.13"]
[EventType "team-match"]
[EventRounds "9"]
[EventCountry "FRA"]
[Source "FFE"]
[SourceDate "2010.10.29"]

1. d4 d5 2. c4 e6 3. Nc3 Nf6 4. cxd5 exd5 5. Bg5 Be7 6. e3 c6 7. Bd3 Nbd7 8.
Nge2 O-O 9. O-O b6 10. Rc1 Bb7 11. Ng3 h6 12. Bf4 c5 13. Nf5 a6 14. Qf3 Kh8 15.
Qh3 h5 16. Qg3 Rg8 17. Qg5 Bf8 18. Be5 Nxe5 19. dxe5 Nh7 20. Qg3 g6 21. Nd6
Bxd6 22. exd6 Nf6 23. Rcd1 Qd7 24. Rfe1 Rad8 25. e4 d4 26. Ne2 Bxe4 27. Bxe4
Nxe4 28. Qe5+ Kh7 29. Qxe4 Qxd6 30. Qb7 Rd7 31. Qxa6 Re8 32. Qd3 Rde7 33. Rd2
Qd5 34. b3 Qc6 35. a4 Qd5 36. h3 Qd6 37. Red1 Qc7 38. Ng3 Re1+ 39. Nf1 R1e6 40.
Qc4 Qf4 41. a5 Qd6 42. b4 Rc8 43. axb6 Qxb6 44. bxc5 Rxc5 45. Qxd4 Qc6 46. Qd7
Qxd7 47. Rxd7 Kg7 48. Ne3 Ra6 49. Rb7 Ra2 50. g3 Rc6 51. Rbd7 Rf6 52. R1d2 Ra3
53. R7d6 Rxd6 54. Rxd6 Ra5 55. Kg2 Rb5 56. Rd7 Rc5 57. Nd5 Rc6 58. g4 hxg4 59.
hxg4 Rc4 60. Kg3 g5 61. Ne3 Rc3 62. Kf3 Kg6 63. Rd6+ f6 64. Ke4 Ra3 65. Nd5
Ra4+ 66. Kf3 1-0

[Event "FRA T II 20102011"]
[Site "FRA"]
[Date "2010.10.17"]
[Round "1.3"]
[White "Cartier, Nicolas"]
[Black "Bourdonnais, Loic"]
[Result "0-1"]
[WhiteElo "2087"]
[BlackElo "2164"]
[PlyCount "132"]
[EventDate "2010.11.13"]
[EventType "team-match"]
[EventRounds "9"]
[EventCountry "FRA"]
[Source "FFE"]
[SourceDate "2010.10.29"]

1. Nf3 c5 2. g3 g6 3. d3 Bg7 4. Bg2 Nc6 5. O-O d6 6. Nc3 Bg4 7. h3 Bxf3 8. Bxf3
Qd7 9. Bg2 e6 10. Bf4 Nge7 11. Ne4 e5 12. Bg5 Qe6 13. c4 f6 14. Bd2 O-O 15. a3
Rad8 16. b4 b6 17. Rb1 cxb4 18. axb4 d5 19. cxd5 Nxd5 20. b5 Nd4 21. Nc3 Nxc3
22. Bxc3 f5 23. e3 Qc8 24. Bb4 Ne6 25. Bxf8 Kxf8 26. Qa4 Rxd3 27. Qxa7 Qd8 28.
Qa8 Qxa8 29. Bxa8 Nc5 30. Bg2 e4 31. Rfd1 Ke7 32. Bf1 Ra3 33. Bc4 Na4 34. Rd2
Nc3 35. Rb3 Rxb3 36. Bxb3 Nxb5 37. g4 Nd6 38. Bg8 h5 39. gxh5 gxh5 40. Kg2 h4
41. Kf1 b5 42. Ra2 Be5 43. Ke2 b4 44. Ra4 Bc3 45. Ra7+ Kf6 46. Ra6 Ke7 47. Kd1
Ne8 48. Rh6 Bf6 49. Bb3 Bg7 50. Re6+ Kf8 51. Rb6 Bc3 52. Ke2 Ke7 53. f3 Nf6 54.
Be6 Nh5 55. fxe4 fxe4 56. Bd5 Ng3+ 57. Kf2 Bd2 58. Ra6 Nf5 59. Bxe4 Bxe3+ 60.
Ke1 Nd4 61. Ra7+ Kf6 62. Rb7 Ke5 63. Bb1 b3 64. Re7+ Kf4 65. Re4+ Kf3 66. Rxh4
Bf2+ 0-1

[Event "FRA T II 20102011"]
[Site "FRA"]
[Date "2010.10.17"]
[Round "1.4"]
[White "Careil, Jerome"]
[Black "Le Goff, Ronan"]
[Result "1/2-1/2"]
[WhiteElo "2087"]
[BlackElo "2029"]
[PlyCount "130"]
[EventDate "2010.11.13"]
[EventType "team-match"]
[EventRounds "9"]
[EventCountry "FRA"]
[Source "FFE"]
[SourceDate "2010.10.29"]

1. Nf3 Nf6 2. g3 e6 3. c4 d5 4. Bg2 Be7 5. O-O O-O 6. d3 c5 7. Nbd2 Nc6 8. a3
b6 9. Rb1 Bb7 10. cxd5 exd5 11. b3 Rc8 12. Bb2 Re8 13. Re1 d4 14. b4 Ba8 15.
bxc5 bxc5 16. Nc4 Nd5 17. e4 Nb6 18. Nfd2 Bf8 19. f4 Nxc4 20. Nxc4 Na5 21. Rc1
Rb8 22. Nxa5 Qxa5 23. Rc2 Re6 24. Bc1 Reb6 25. Rce2 Bc6 26. e5 Bd7 27. h3 Rb1
28. g4 Qa6 29. f5 Be7 30. Bd5 R8b6 31. Qd2 Bc6 32. Bxc6 Rxc6 33. f6 Bf8 34. e6
fxe6 35. Rf2 Rb7 36. Ref1 Rcc7 37. Qg5 g6 38. Qe5 Rf7 39. Qe4 Rb3 40. Rf3 Qd6
41. h4 Qd5 42. Qe2 Rb6 43. g5 Bd6 44. h5 Kf8 45. hxg6 hxg6 46. Rh3 Ke8 47. Rh6
Bf8 48. Rxg6 e5 49. Qg4 Qe6 50. Qxe6+ Rxe6 51. Rg8 c4 52. dxc4 e4 53. Kf2 Kd7
54. Ke1 Bd6 55. g6 Bg3+ 56. Kd1 e3 57. Ke2 d3+ 58. Kxd3 e2 59. Re1 Bxe1 60.
gxf7 Bb4 61. axb4 e1=Q 62. Rd8+ Kc7 63. Rc8+ Kb7 64. Rb8+ Kc7 65. Bf4+ Kd7
1/2-1/2

[Event "FRA T II 20102011"]
[Site "FRA"]
[Date "2010.10.17"]
[Round "1.8"]
[White "Andre, Marine"]
[Black "Auguin, Florian"]
[Result "1/2-1/2"]
[WhiteElo "1690"]
[BlackElo "1629"]
[PlyCount "125"]
[EventDate "2010.11.13"]
[EventType "team-match"]
[EventRounds "9"]
[EventCountry "FRA"]
[Source "FFE"]
[SourceDate "2010.10.29"]

1. e4 e5 2. Nf3 Nc6 3. Bc4 Bc5 4. c3 d6 5. d4 exd4 6. cxd4 Bb6 7. d5 Ne5 8.
Nxe5 dxe5 9. O-O Nf6 10. Nc3 O-O 11. Bg5 h6 12. Bh4 Qd6 13. Kh1 Ne8 14. f3 Qb4
15. Bb3 Bd7 16. a3 Qd6 17. Be1 Qg6 18. Qe2 Nd6 19. Bf2 Bd4 20. Qd2 Bxf2 21.
Qxf2 c6 22. Rac1 Rac8 23. dxc6 Bxc6 24. Nd5 Bxd5 25. Bxd5 b6 26. a4 Qg5 27. Qe1
Kh8 28. Kg1 Rfd8 29. Rxc8 Rxc8 30. b3 Rc2 31. g3 Qd2 32. Qxd2 Rxd2 33. Rc1 Kh7
34. Rc7 Rd3 35. Rc6 Ne8 36. Bxf7 Nf6 37. Bc4 Rxf3 38. Re6 Ng4 39. Be2 Nxh2 40.
Bxf3 Nxf3+ 41. Kf2 Nd2 42. Rxe5 Nxb3 43. Re7 Nc5 44. Ke3 a5 45. Kf4 Nxa4 46.
Rb7 Kg6 47. e5 h5 48. Rc7 b5 49. Ra7 Nc3 50. Rxa5 b4 51. Rc5 Kf7 52. Rc4 Ke6
53. Kg5 Kxe5 54. Rxb4 Ne4+ 55. Kh4 g6 56. Rb6 Kf5 57. Rb5+ Kf6 58. g4 hxg4 59.
Kxg4 Nf2+ 60. Kf4 g5+ 61. Kf3 Nd3 62. Kg4 Ne5+ 63. Kg3 1/2-1/2

[Event "FRA T II 20102011"]
[Site "FRA"]
[Date "2010.10.17"]
[Round "1.8"]
[White "Legoupil, Benoit"]
[Black "Josse, Mathilde"]
[Result "1-0"]
[WhiteElo "1742"]
[BlackElo "1687"]
[PlyCount "123"]
[EventDate "2010.11.13"]
[EventType "team-match"]
[EventRounds "9"]
[EventCountry "FRA"]
[Source "FFE"]
[SourceDate "2010.10.29"]

1. e4 e5 2. Nf3 Nc6 3. Bc4 Bc5 4. Nc3 Nf6 5. d3 d6 6. Bg5 h6 7. Bh4 g5 8. Bg3
Bg4 9. h4 Nh5 10. Qd2 Bxf3 11. gxf3 Nd4 12. O-O-O c6 13. Na4 Bb6 14. Nxb6 axb6
15. c3 Nxf3 16. Qe2 Qf6 17. Kb1 O-O-O 18. hxg5 hxg5 19. Qe3 Kc7 20. Rhf1 Rde8
21. d4 Nh4 22. Rd2 Ng2 23. Qd3 Nhf4 24. Qc2 Rd8 25. Rg1 Rh5 26. Qb3 Rh7 27. Qd1
Rhh8 28. Bf1 Nh4 29. Qg4 Nhg6 30. f3 Rh5 31. Bc4 Rh7 32. Rgd1 Rhh8 33. Bb3 Nh4
34. dxe5 dxe5 35. Rd7+ Rxd7 36. Rxd7+ Kb8 37. Rxf7 Qd8 38. Rd7 Qc8 39. Kc2 Rd8
40. Rg7 Qxg4 41. fxg4 Nf3 42. Rg8 Rxg8 43. Bxg8 Kc7 44. b4 Kd6 45. a4 Kd7 46.
Bc4 Kd6 47. Kd1 Kd7 48. Be2 Ng1 49. Bf1 Nf3 50. Bf2 Nh2 51. Be2 Nxe2 52. Kxe2
Nxg4 53. Bxb6 Nf6 54. Ke3 Kd6 55. Bd8 Ke6 56. Bxf6 Kxf6 57. Kf3 Kf7 58. Kg4 Kg6
59. c4 Kf6 60. b5 cxb5 61. cxb5 b6 62. a5 1-0

[Event "FRA T II 20102011"]
[Site "FRA"]
[Date "2010.10.17"]
[Round "1.4"]
[White "Serralta, Michel"]
[Black "Favre, Bruno"]
[Result "1-0"]
[WhiteElo "2093"]
[BlackElo "1969"]
[PlyCount "121"]
[EventDate "2010.11.13"]
[EventType "team-match"]
[EventRounds "9"]
[EventCountry "FRA"]
[Source "FFE"]
[SourceDate "2010.10.29"]

1. d4 Nf6 2. c4 d6 3. Nc3 e5 4. d5 Be7 5. e4 Nbd7 6. Nf3 Nc5 7. Qc2 a5 8. Be3
b6 9. h3 Bd7 10. Be2 g6 11. Nd2 h5 12. O-O-O Nh7 13. f4 exf4 14. Bxf4 Bg5 15.
Bh2 Qe7 16. Bf3 O-O-O 17. Kb1 Bxd2 18. Rxd2 f6 19. h4 Nf8 20. Bg1 Bg4 21. Nb5
Bd7 22. Nd4 Re8 23. Re2 Qf7 24. Be3 f5 25. exf5 Bxf5 26. Nxf5 Qxf5 27. Qxf5+
gxf5 28. Bxc5 Rxe2 29. Bxe2 bxc5 30. Bd3 Rg8 31. Bxf5+ Kd8 32. Bh3 Ng6 33. g4
hxg4 34. Bxg4 Rh8 35. h5 Ne5 36. Be2 Ke7 37. Rf1 Rh6 38. Kc2 c6 39. Rf5 cxd5
40. cxd5 Nd7 41. Kd3 Nb6 42. b3 Rh8 43. Ke4 a4 44. bxa4 Nxa4 45. Kf4 Nc3 46.
Bc4 Nd1 47. Ke4 Rg8 48. Kf3 Nb2 49. Bb3 c4 50. Bc2 Ra8 51. h6 Rxa2 52. h7 Ra8
53. Rh5 Rh8 54. Rh6 c3 55. Re6+ Kd7 56. Bf5 Kc7 57. Re7+ Kb6 58. Rg7 Rf8 59.
Kg4 Nc4 60. Rg8 Ne3+ 61. Kh3 1-0

[Event "FRA T II 20102011"]
[Site "FRA"]
[Date "2010.10.17"]
[Round "1.8"]
[White "Saucey, Capucine"]
[Black "Nicolazo, Maxime"]
[Result "1/2-1/2"]
[WhiteElo "1812"]
[BlackElo "1760"]
[PlyCount "122"]
[EventDate "2010.11.13"]
[EventType "team-match"]
[EventRounds "9"]
[EventCountry "FRA"]
[Source "FFE"]
[SourceDate "2010.10.29"]

1. e4 c5 2. Nf3 e6 3. c3 d5 4. exd5 Qxd5 5. d4 Nf6 6. Bd3 Nc6 7. O-O Be7 8. Re1
O-O 9. Be3 Rd8 10. Nbd2 cxd4 11. Nxd4 e5 12. Bc4 Qd7 13. N4f3 Qc7 14. Ng5 Rf8
15. a3 Bf5 16. b4 Bg6 17. Qe2 h6 18. Ngf3 Bh5 19. Qf1 e4 20. Nd4 Ng4 21. g3
Nce5 22. Bf4 g5 23. Bxe5 Nxe5 24. Rxe4 Nxc4 25. Nxc4 Bg6 26. Re3 Bf6 27. Rd1
Rac8 28. Na5 b6 29. Nab3 Qc4 30. Qe1 Rfd8 31. Nd2 Qc7 32. N2f3 g4 33. Nh4 Bxh4
34. gxh4 Qf4 35. Qd2 Qf6 36. Rg3 Qxh4 37. Qf4 h5 38. Re1 Re8 39. Ree3 Qd8 40.
h3 gxh3 41. Rxh3 Rxe3 42. Rxe3 Qd5 43. Rg3 Re8 44. Kh2 Qe5 45. Qh4 Qe1 46. Qf6
Qe5 47. Qxe5 Rxe5 48. Nc6 Re2 49. Rg2 a6 50. Nb8 Ra2 51. f4 Rxg2+ 52. Kxg2 a5
53. Kg3 Bd3 54. Nd7 axb4 55. axb4 b5 56. Nf6+ Kg7 57. Nd5 Kg6 58. Ne3 Kf6 59.
Kh4 Be2 60. Kg3 Ke6 61. Kh4 Kf6 1/2-1/2

[Event "FRA T II 20102011"]
[Site "FRA"]
[Date "2010.11.14"]
[Round "2.1"]
[White "Spraggett, Kevin"]
[Black "Bouvier, Bruno"]
[Result "1-0"]
[WhiteElo "2571"]
[BlackElo "2267"]
[PlyCount "119"]
[EventDate "2010.11.13"]
[EventType "team-match"]
[EventRounds "9"]
[EventCountry "FRA"]
[Source "FFE"]
[SourceDate "2010.10.29"]
[WhiteTeam "Echiquier Bordelais"]
[BlackTeam "Marennes"]
[WhiteTeamCountry "FRA"]
[BlackTeamCountry "FRA"]

1. d4 d5 2. c4 dxc4 3. e3 e6 4. Bxc4 Nf6 5. Nf3 a6 6. O-O c5 7. dxc5 Qxd1 8.
Rxd1 Bxc5 9. b3 Nc6 10. Bb2 b5 11. Be2 Bb7 12. Nbd2 Be7 13. a4 bxa4 14. Rxa4
O-O 15. Nc4 Rad8 16. Nd4 Nxd4 17. Bxd4 Nd7 18. Na5 Bd5 19. Bxa6 Nc5 20. Bxc5
Bxc5 21. Rc1 Be7 22. b4 Rd6 23. Bf1 f5 24. b5 Ra8 25. Rca1 Bf6 26. Nc4 Rxa4 27.
Rxa4 Bxc4 28. Rxc4 Bd8 29. g3 Kf7 30. Rc8 h6 31. Bc4 Ke7 32. Kf1 Ba5 33. Ra8
Bb6 34. Ke2 Bd8 35. h4 Bb6 36. h5 Rd8 37. Ra6 Rd6 38. Bd3 Bc5 39. Ra4 Rd7 40.
g4 fxg4 41. Rxg4 Kd6 42. Bc4 Ke5 43. Rg6 Re7 44. Bb3 Ba7 45. f3 Bc5 46. Rg4 Kd6
47. Kd3 Ke5 48. f4+ Kd6 49. Rg6 Kd7 50. e4 Ba7 51. e5 Bc5 52. Ke4 Ba7 53. Bd1
Kc7 54. Be2 Bb8 55. Bf1 Ba7 56. Rg2 Bc5 57. Rc2 Kb6 58. Ra2 Kc7 59. Bc4 Kb7 60.
Bxe6 1-0

[Event "FRA T II 20102011"]
[Site "FRA"]
[Date "2010.10.17"]
[Round "1.6"]
[White "Lenoel, Marine"]
[Black "Foussard, Gervais"]
[Result "1/2-1/2"]
[WhiteElo "1755"]
[BlackElo "1955"]
[PlyCount "115"]
[EventDate "2010.11.13"]
[EventType "team-match"]
[EventRounds "9"]
[EventCountry "FRA"]
[Source "FFE"]
[SourceDate "2010.10.29"]
[WhiteTeamCountry "FRA"]
[BlackTeamCountry "FRA"]

1. e4 d5 2. exd5 Nf6 3. Nc3 Nxd5 4. Bc4 Nxc3 5. bxc3 g6 6. Qf3 e6 7. d4 Nc6 8.
Ne2 Bg7 9. Ba3 Ne7 10. Bb5+ c6 11. Bxe7 Kxe7 12. Bc4 Re8 13. h4 Kf8 14. h5 Qf6
15. Qxf6 Bxf6 16. f4 b6 17. Ng3 Bb7 18. Ne4 Be7 19. hxg6 hxg6 20. Kd2 Kg7 21.
Rh3 Rh8 22. Rah1 Rxh3 23. Rxh3 Rh8 24. Rxh8 Kxh8 25. g3 Kg7 26. Bd3 f6 27. c4
Kf7 28. Nf2 Bd8 29. Be4 g5 30. Nd3 gxf4 31. gxf4 Ke8 32. c3 Kd7 33. c5 Be7 34.
cxb6 axb6 35. Ke3 Ba6 36. Kd2 Bc4 37. Nc1 Ba3 38. Nb3 Kd6 39. Bf3 Kd7 40. Be4
Bd6 41. Ke3 Ba3 42. Kd2 Kd6 43. Bf3 Bd5 44. Bxd5 Kxd5 45. Kd3 b5 46. Nd2 Bc1
47. Ne4 f5 48. Nf6+ Kd6 49. Nh5 Ke7 50. c4 Kf7 51. cxb5 cxb5 52. d5 exd5 53.
Kd4 Kg6 54. Ng3 Bxf4 55. Nxf5 Kxf5 56. Kxd5 b4 57. Kc5 Bd2 58. Kc4 1/2-1/2